BZE Direct Flights - Statistics

General Stats
  • This quiz has been taken 4 times
  • The average score is 22 of 29
Answers on the Map
Answers color-coded by a green-red scale on the quiz's map according to % correct below.
 
Answer Stats
Answer % Correct
Atlanta
100%
Baltimore/Washington D.C.
100%
Cancún
100%
Chicago
100%
Dallas-Fort Worth
100%
Guatemala City
100%
Houston Hobby
100%
Los Angeles
100%
Miami
100%
Minneapolis-St. Paul
100%
Newark-New York
100%
New York City
100%
Panama City
100%
San Francisco
100%
Seattle-Tacoma
100%
Toronto
100%
Calgary
67%
Charlotte
67%
Coxen Hole
67%
Denver
67%
Fort Lauderdale-Hollywood
67%
Houston Bush
67%
Montréal
67%
Caye Caulker
33%
Placencia
33%
Punta Gorda
33%
San Pedro
33%
San Pedro Sula
33%
Dangriga
0%
No matching quizzes found
Score Distribution
Percent of People with Each Score
Percentile by Number Answered
Your Score History
You have not taken this quiz